Dvousečná zbraň rub a líc americké výjimečnosti

Salvato in:
Dettagli Bibliografici
Autore principale: Lipset, Seymour Martin
Altri autori: Pokorný, Martin
Natura: Libro
Lingua:ceco
Pubblicazione: Praha PROSTOR 2003
Soggetti:
Tags: Aggiungi Tag
Nessun Tag, puoi essere il primo ad aggiungerne!!

MARC

LEADER 00000nam$a2200000$$$4500
001 0044809
005 20240306141338.1
020 |a 80-7260-094-X 
041 0 |a cze 
044 |a CZ 
245 1 0 |a Dvousečná zbraň  |b rub a líc americké výjimečnosti  |c Seymour Martin Lipset ; přeložil Martin Pokorný 
264 1 |a Praha  |b PROSTOR  |c 2003 
300 |a 380 s. 
610 2 0 |a USA 
610 2 0 |a ideológia 
610 2 0 |a politika 
610 2 0 |a náboženstvo 
610 2 0 |a politika sociálna 
610 2 0 |a politika hospodárska 
610 2 0 |a Kanada 
610 2 0 |a stratifikácia sociálna 
610 2 0 |a kapitál intelektuálny 
610 2 0 |a Japonsko 
610 2 0 |a morálka 
610 2 0 |a individualizmus 
610 2 0 |a štýl životný 
100 1 |a Lipset, Seymour Martin 
700 1 |a Pokorný, Martin